Quiz sur le football turc - Statistiques

Statistiques générales
  • Ce quiz a été pris 536 fois
  • Le résultat moyen est 10 sur 16
Statistiques - réponses
Question Réponse % Correct
Club turc ayant remporté la Coupe UEFA en 2000 face à Arsenal Galatasaray
95%
Couleurs de la sélection turc Rouge
87%
Couleurs de la sélection turc Blanc
84%
Années des 2 participations de la Turquie à la Coupe du Monde 2002
82%
Quel joueur turc, notamment connu pour avoir jouer dans les 3 clubs d'Istanbul, a remporté la Ligue 1 2021 avec Lille ? Burak Yilmaz
79%
Joueur Turc ayant pris sa retraite en 2022, ayant notamment jouer pour l'Atletico Madrid et le FC Barcelone Arda Turan
77%
Meilleur parcours à la coupe du monde Demi-finaliste
75%
Avec quel club ce dernier partage-t-il son stade ? Beşiktaş
69%
Club vainqueur du championnat turc 2021-2022 Trabzonspor
61%
Citez un autre joueur turc ayant remporté la Ligue 1 cette même année Zeki Celik | Yusuf Yazici
59%
Ancien joueur puis entraîneur, surnommé "Imperator". Il était notamment sélectionneur de la Turquie lors de l'Euro 2008 Fatih Terim
54%
Meilleur buteur de la sélection Hakan Şükür
54%
Equipe qui a éliminé la Turquie lors de ce tour Allemagne
44%
Années des 2 participations de la Turquie à la Coupe du Monde 1954
34%
En 1996, Fenerbahçe signe un exploit en mettant fin à 40 ans d'invincibilité à domicile en coupe d'Europe de ce club Manchester United
24%
Joueur le plus capé de la sélection Rüştü Reçber
14%
Aucun quiz correspondant
Distribution des résultats
% des personnes avec chaque résultat
Percentile par nombre de réponses
Votre historique - résultats
Vous n’avez pas pris ce quiz